000 00348nam a2200133Ia 4500
005 20260328101502.0
008 260328s9999||||xx |||||||||||||| ||und||
100 _aPapadakis, Andreas
245 0 _aJames Stirling - Michael Wilford & Associates /
_cAndreas Papadakis
260 _bAcademy
300 _a112 p.
650 _aARQUITECTOS
942 _cBK
999 _c8959
_d8959